Chiến lược kinh doanh và kế hoạch hoá nội bộ doanh nghiệp

Đã lưu trong:
Bibliografiske detaljer
Hovedforfatter: Phan, Thị Ngọc Thuận
Format: Bog
Sprog:Undetermined
Udgivet: Hà Nội Khoa học và kỹ thuật 2004
Fag:
Tags: Tilføj Tag
Ingen Tags, Vær først til at tagge denne postø!
Thư viện lưu trữ: Trung tâm Học liệu Trường Đại học Cần Thơ
LEADER 00632nam a2200193Ia 4500
001 CTU_81232
008 210402s9999 xx 000 0 und d
020 |c 15000 
082 |a 658.401 
082 |b Th502 
100 |a Phan, Thị Ngọc Thuận 
245 0 |a Chiến lược kinh doanh và kế hoạch hoá nội bộ doanh nghiệp 
245 0 |c Phan Thị Ngọc Thuận 
260 |a Hà Nội 
260 |b Khoa học và kỹ thuật 
260 |c 2004 
650 |a Industrial management,Strategic planning 
904 |i Mai Loan,Hải 
980 |a Trung tâm Học liệu Trường Đại học Cần Thơ